00668nam a2200169 a 450000100100000000500170001000800410002704000250006808200160009311000990010924500850020826000450029330000200033804900090035895201140036799900170048100003128420240304103305.0110617s2004 dr 000 0 spa d aDO-SdBNPbspacBNPHU axxxxbR426n1 aRepública Dominicana.b Secretaría de Estado de Medio Ambiente y Recursos Naturales91450310aNorma ambiental sobre calidad de aguas subterráneas y descargas al subsuelo /. aSanto Domingo :bAmigo del Hogar,c2004. a61 p. ;c22 cm. aBNPD 0010718PDaPDbPDcCTd2011-06-17iLF1l0oxxxx R426np31284-10r2020-06-25w2020-06-25yLFPDZNo se presta c30776d30776